Statistiken für Bravo - The Hits 2014

Klicken Sie hier um das Quiz zu spielen!

Allgemein

  • Dieses Quiz wurde 129 mal gespielt
  • Das Durchschnittsergebnis liegt bei 15 aus 44

Antwortstatistiken

SongInterpret% Korrekt
Atemlos Durch Die NachtHelene Fischer
90%
Au RevoirMark Forster feat. Sido
88%
Auf Anderen WegenAndreas Bourani
82%
Auf UnsAndreas Bourani
82%
Take Me To ChurchHozier
67%
TraumCro
66%
A Sky Full Of StarsColdplay
65%
Lovers On The SunDavid Guetta feat. Sam Martin
65%
WiggleJason Derulo feat. Snoop Dogg
58%
Stay With MeSam Smith
58%
The DaysAvicii
57%
Amoi Seg'n Ma Uns WiederAndreas Gabalier feat. Xavier Naidoo
55%
Sun Goes DownRobin Schulz feat. Jasmine Thompson
53%
AnimalsMaroon 5
51%
BudapestGeorge Ezra
46%
SingEd Sheeran
41%
Love Runs OutOneRepublic
41%
Rather BeClean Bandit feat. Jess Glynne
40%
WalkKwabs
39%
When The Beat Drops OutMarlon Roudette
39%
Break FreeAriana Grande feat. Zedd
36%
RiptideVance Joy
35%
MasterpieceJessie J
28%
WavesMr. Probz
25%
BailandoEnrique Iglesias feat. Sean Paul, Descemer Bueno & Gente De Zona
24%
Black WidowIggy Azalea feat. Rita Ora
24%
Hard Out HereLily Allen
21%
Am I WrongNico & Vinz
19%
HideawayKiesza
18%
What Are You Waiting For?Nickelback
14%
GeronimoSheppard
14%
Prayer In CLilly Wood & The Prick & Robin Schulz
13%
My LoveRoute 94 feat. Jess Glynne
13%
Of The NightBastille
12%
Black SaturdayMando Diao
12%
StadtrandlichterClueso
9%
Nobody To LoveSigma
8%
ArrowsFences feat. Macklemore & Ryan Lewis
7%
Netzwerk (Falls Like Rain)Klangkarussell
7%
Fade Out LinesThe Avener
6%
Calm After The StormThe Common Linnets
5%
Liar LiarCris Cab
4%
Back HomeFritz Kalkbrenner
4%
All We AreJonah
2%

Verteilung der Resultate

Perzentil nach korrekt beantworteten Fragen

Anzahl Personen mit jedem Resultat

Ihre Resultats-Entwicklung

Sie haben dieses Quiz noch nicht gespielt